| 000 | 00384cam a2200169ua 4500 | ||
|---|---|---|---|
| 020 | _c4s.4.80 | ||
| 041 |
_aeng _h |
||
| 082 |
_a332.4 _bROB/MO |
||
| 100 | _aRobertson, SIR Dennis . | ||
| 245 | _aMoney | ||
| 260 |
_a : _bJames nisbet & Co. ltd Digsweld place , _c1959. |
||
| 300 | _a187 ; . | ||
| 365 | _a4s.4.80 | ||
| 504 | _a | ||
| 942 | _cBK | ||
| 999 |
_c11218 _d11218 |
||